LEADER 01168nam a2200253 i 4500 001 000000052171 003 CaOOAMICUS 005 20130320000000.0 008 130320s1976 it u000 u ita u 013 $a23343 040 $aSeMil$bita 100 1 $aBressan, Luigi <1940->.$0(OLS)http://semarc/name/16389 245 13$aIl divorzio nelle Chiese orientali :$bricerca storica sull'atteggiamento cattolico /$cLuigi Bressan. 260 $aBologna :$bEDB,$c1976. 300 $a327 p. ;$c22 cm. 490 0 $aNuovi saggi teologici : collana interconfessionale per la promozione della ricerca teologica ;$v11 500 $aContiene : Bibliografia. 650 4$aChiese Orientali Cattoliche.$0(OLS)http://semarc/subject/8326 650 4$aDivorzio.$0(OLS)http://semarc/subject/5893 830 0$aNuovi saggi teologici ;$v11.$0(OLS)http://semarc/title/422386 850 $aSeMil 852 $aSeMil$W1$xVenegono$y1$m2LA N 11$j262997$B18326$CSeMilBibl$Z2$F18327 $81 996 $6245$aIl divorzio nelle Chiese orientali :$bricerca storica sull'atteggiamento cattolico$9(OLS)http://semarc/title/80017 996 $6260$aBologna :$bEDB$9(OLS)http://semarc/publisher/29669 LEADER 00897nab a2200157 i 4500 001 000000288038 003 CaOOAMICUS 005 20150918000000.0 008 150918n xx uu u0 0und r 013 $a42052 040 $aSeMil$bita 245 10$aConvegno annuale "Fratture e riconciliazione :$bricostruire legami spezzati", Padova, Facoltà Teologica del Triveneto, giovedì 29 ottobre 2015 [programma]. 500 $a[pieghevole allegato]. 700 1 $aFacoltà Teologica del Triveneto : Convegno «Fratture e riconciliazione : ricostruire legami spezzati» <2015>.$0(OLS)http://semarc/name/84575 773 0 $t[2015 : Luglio-Dicembre].$dBologna : Centro Editoriale Dehoniano, 2015.$w()243711 996 $6245$aConvegno annuale "Fratture e riconciliazione :$bricostruire legami spezzati", Padova, Facoltà Teologica del Triveneto, giovedì 29 ottobre 2015 [programma].$9(OLS)http://semarc/title/368065